000 01095nam0a22002651 4500
001 rc\1103155
005 20250622145946.0
035 _a(NLR Aleph) 006348305
090 _a4774134
_c4774134
100 _a20041126d1982 |||y0rusy50 ca
101 0 _arus
102 _aRU
105 _aa |||||||||
200 1 _aОхрана природных ресурсов Армянской ССР
_eЭкон.-экол. аспекты управления чистотой природ. среды в регионе
_fЮ.И. Абовян, Э.Г. Бунатян, Л.В. Давтян
_gПод общ. ред. Э.Г. Бунатяна
210 _aЕреван
_cАйастан
_d1982
215 _a216 с.
_cил.
_d22
320 _aБиблиогр.: с. 207-214 (167 назв.)
700 1 _aАбовян
_bЮ.И.
_gЮрий Иванович
701 1 _aБунатян
_bЭ.Г.
_gЭдуард Григорьевич
701 1 _aДавтян
_bЛ.В.
_gЛариса Владимировна
801 0 _aRU
_bNLR
_gpsbo
801 1 _aRU
_bELAR
_2rusmarc
852 _aNLR
_j83-3/3979
942 _cBOOK
980 _aNB